Catálogo

LA CLAVE DEL COMERCIO : (Registro nro. 42923)

Detalles MARC
000 -LEADER
fixed length control field 00714nam a2200181 a 4500
001 - CONTROL NUMBER
control field 42923
005 - DATE AND TIME OF LATEST TRANSACTION
control field 20180714021258.0
008 - FIXED-LENGTH DATA ELEMENTS--GENERAL INFORMATION
fixed length control field 140415s2001 mx 000 0 spa d
020 ## - INTERNATIONAL STANDARD BOOK NUMBER
International Standard Book Number 9291371920
041 ## - LANGUAGE CODE
Language code of text/sound track or separate title spa
082 ## - DEWEY DECIMAL CLASSIFICATION NUMBER
Classification number 343.60972
Item number CLA
245 03 - TITLE STATEMENT
Title LA CLAVE DEL COMERCIO :
Remainder of title LIBRO DE RESPUESTAS PARA EL EXPORTADOR
250 ## - EDITION STATEMENT
Edition statement 1a ed.
260 ## - PUBLICATION, DISTRIBUTION, ETC.
Place of publication, distribution, etc. MEXICO :
Name of publisher, distributor, etc. CENTRO DE COMERCIO INTERNACIONAL,
Date of publication, distribution, etc. 2001
300 ## - PHYSICAL DESCRIPTION
Extent 294
Dimensions x 21 x 29.5
520 ## - SUMMARY, ETC.
Summary, etc. CLE DE COMERCIO HABLA DELAS GUIAS DE PREGUNTAS Y RESPUESTAS, ESTA ENFOCADO A SER UNA HERRAMIENTA DE REFERENCIA Y UN MECANISMO DE CONSULTA PARA PEQUEÑAS Y MEDIANAS EMPRESAS.
650 14 - SUBJECT ADDED ENTRY--TOPICAL TERM
Topical term or geographic name entry element CIENCIAS ADMINISTRATIVAS
General subdivision COMERCIO EXTERIOR
-- MEXICO
Existencias
Withdrawn status Lost status Source of classification or shelving scheme Damaged status Not for loan Collection code Home library Current library Shelving location Date acquired Source of acquisition Inventory number Total Checkouts Full call number Barcode Date last seen Date last checked out Price effective from Koha item type
    Dewey Decimal Classification     General Biblioteca Karol Wojtyla Biblioteca Karol Wojtyla Sala general 03/12/2013 Compra 151000000000000000047043 1 343.60972 CLA 64674 05/01/2026 07/03/2019 03/12/2013 Libro